Central Library OPAC University of Rajshahi

ধ্রুপদী নায়িকাদের কয়েকজন / (Record no. 46950)

MARC details
000 -LEADER
fixed length control field 00855nam a22002297a 4500
001 - CONTROL NUMBER
control field 46950
003 - CONTROL NUMBER IDENTIFIER
rucl marc code BD-RjUL
005 - DATE AND TIME OF LATEST TRANSACTION
control field 20211209054233.0
008 - FIXED-LENGTH DATA ELEMENTS--GENERAL INFORMATION
fixed length control field 160806s2003 ii ||||| |||| 00| 0 ben d
020 ## - INTERNATIONAL STANDARD BOOK NUMBER
Terms of availability : IRs 60.00
035 ## - SYSTEM CONTROL NUMBER
System control number (BD-RjUL)47069
040 ## - CATALOGING SOURCE
Original cataloging agency BD-RjUL
Language of cataloging ben
Transcribing agency BD-RjUL
041 ## - LANGUAGE CODE
Language code of text/sound track or separate title ben
082 ## - DEWEY DECIMAL CLASSIFICATION NUMBER
Edition number 23
Classification number 305.4092
Author mark and year CHD 2003
100 ## - MAIN ENTRY--PERSONAL NAME
Personal name চৌধুরী, সিরাজুল ইসলাম
9 (RLIN) 143013
245 10 - TITLE STATEMENT
Title ধ্রুপদী নায়িকাদের কয়েকজন /
Statement of responsibility, etc. সিরাজুল ইসলাম চৌধুরী
260 ## - PUBLICATION, DISTRIBUTION, ETC. (IMPRINT)
Place of publication, distribution, etc. কলকাতা :
Name of publisher, distributor, etc. অশোক পুস্তকালয়,
Date of publication, distribution, etc. ২০০৩
300 ## - PHYSICAL DESCRIPTION
Pagination ১৫২ পৃ. ;
Size ২১ সেমি.
650 ## - SUBJECT ADDED ENTRY--TOPICAL TERM
Topical term or geographic name as entry element নারী
General subdivision জীবনী
9 (RLIN) 143014
Topical term or geographic name as entry element Women
General subdivision Biography
9 (RLIN) 143015
942 ## - ADDED ENTRY ELEMENTS (KOHA)
Source of classification or shelving scheme Dewey Decimal Classification
Koha item type Books
Holdings
Lost status Source of classification or shelving scheme Damaged status Not for loan Collection code Permanent Location Current Location Shelving location Date acquired Source of acquisition Cost, normal purchase price Total Checkouts Full call number Date last seen Copy number Koha item type Total Renewals Date checked out
  Dewey Decimal Classification     Non-fiction Central Library, University of Rajshahi Central Library, University of Rajshahi   04/03/2008 Paragon Enterpries, Dhaka 60.00   B 305.4092 CHD 2003 06/08/2016 C-2 Books    
  Dewey Decimal Classification     Non-fiction Central Library, University of Rajshahi Central Library, University of Rajshahi   04/03/2008 Paragon Enterpries, Dhaka 60.00   B 305.4092 CHD 2003 06/08/2016 C-3 Books    
  Dewey Decimal Classification     Non-fiction Central Library, University of Rajshahi Central Library, University of Rajshahi   04/03/2008 Paragon Enterprises Dhaka 60.00   B 305.4092 CHD 2003 06/08/2016 C-4 Books    
  Dewey Decimal Classification     Non-fiction Central Library, University of Rajshahi Central Library, University of Rajshahi   04/03/2008 Paragon Enterprises Dhaka 60.00 1 B 305.4092 CHD 2003 16/04/2019 C-5 Books 1 20/03/2019
  Dewey Decimal Classification   Not For Loan Fiction Central Library, University of Rajshahi Central Library, University of Rajshahi Reading Room 04/03/2008 Dhaka, Paragon Enterprises 60.00   B 305.4092 CHD 2003 12/12/2016 C-1 Books